banner koha

Desenvolvimento das larvas de Dermatobia hominis (Linnaeus Jr., 1781)(Diptera: Cuterebridae)em diferentes regiões anatômicas dos bovinos, infestados artificialmente (Registro n. 188983)

MARC details
000 -LÍDER
campo de controle de tamanho fixo 00999nas a2200313 4500
001 - NÚMERO DE CONTROLE
campo de controle BR0702356
003 - IDENTIFICADOR DO NÚMERO DE CONTROLE
campo de controle BR-BrBNA
005 - DATA E HORÁRIO DA ÚLTIMA TRANSAÇÃO
campo de controle 20231205110754.0
007 - CAMPO FIXO DE DESCRIÇÃO FÍSICA--INFORMAÇÃO GERAL
campo de controle de tamanho fixo ta
008 - CAMPO DE DADOS FIXOS--INFORMAÇÃO GERAL
campo de controle de tamanho fixo 230509b bl.|||p| |||| 00| 00por d
040 ## - FONTE DA CATALOGAÇÃO
Instituição da catalogação original BR-BrBNA
Idioma da catalogação por
Instituição que transcreveu o registro Biblioteca Nacional de Agricultura
041 ## - CÓDIGO DE IDIOMA
Código do idioma do texto/trilha sonora ou título diferente (Pt)
072 ## - CÓDIGO DE CATEGORIA DE ASSUNTO
Código de Categoria de Assunto L52
100 1# - ENTRADA PRINCIPAL--NOME PESSOAL
Nome pessoal Silva Junior, V.P. da
100 1# - ENTRADA PRINCIPAL--NOME PESSOAL
Nome pessoal Leandro, A. de S.
100 1# - ENTRADA PRINCIPAL--NOME PESSOAL
Nome pessoal Borja, G.E.M.
245 1# - TÍTULO
Título Desenvolvimento das larvas de Dermatobia hominis (Linnaeus Jr., 1781)(Diptera: Cuterebridae)em diferentes regiões anatômicas dos bovinos, infestados artificialmente
650 ## - ASSUNTO--TERMO TÓPICO
Cabeçalho tópico ou nome geográfico BOVINO
650 ## - ASSUNTO--TERMO TÓPICO
Cabeçalho tópico ou nome geográfico LARVA
650 ## - ASSUNTO--TERMO TÓPICO
Cabeçalho tópico ou nome geográfico DERMATOBIA HOMINIS
650 ## - ASSUNTO--TERMO TÓPICO
Cabeçalho tópico ou nome geográfico HOSPEDEIRO ANIMAL
650 ## - ASSUNTO--TERMO TÓPICO
Cabeçalho tópico ou nome geográfico MOSCA
650 ## - ASSUNTO--TERMO TÓPICO
Cabeçalho tópico ou nome geográfico SEXO
650 ## - ASSUNTO--TERMO TÓPICO
Cabeçalho tópico ou nome geográfico INOCULAÇÃO
650 ## - ASSUNTO--TERMO TÓPICO
Cabeçalho tópico ou nome geográfico INFESTAÇÃO
773 0# - ENTRADA ANALÍTICA
Título Ciência Veterinária nos Trópicos (Brazil)
ISSN - International Standard Serial Number ISSN 1415-6326
Partes relacionadas (Jan-Apr 2002), v. 5(1) p. 27-30
Número de controle do registro BR0702356
909 ## -
-- 202311
-- Lúcia
-- 55
-- Lúcia Elande
942 ## - ELEMENTOS DE ENTRADA ADICIONADOS (KOHA)
Fonte da classificação ou esquema de arquivamento na estante Classificação AGRIS
Ocultar no OPAC Não
Tipo de material Koha Analítica
Exemplares
Situação do descarte Fonte da classificação ou esquema de arquivamento na estante Situação física Não pode ser emprestado Biblioteca de origem Biblioteca atual Localização na estante Enumeração do periódico / cronologia Total de empréstimos Data de último acesso Número do exemplar Tipo de material Koha Fonte de aquisição
  Classificação AGRIS   Consulta local Biblioteca Nacional de Agricultura - Binagri Biblioteca Nacional de Agricultura - Binagri   (Jan-Apr 2002), v. 5(1) p. 27-30   29/11/2023 01 Periódicos Portaria Interministerial nº 164/94

BINAGRI

Telefone: (61)3218-2567/2388/3357/2097 - binagri@agro.gov.br

Ministério da Agricultura e Pecuária , Esplanada dos Ministérios, Bloco D, Anexo B, Brasília/DF, CEP: 70.043-900